Population growth and land use (Record no. 82062)

MARC details
000 -LEADER
fixed length control field 00702nam a2200181 a 4500
008 - FIXED-LENGTH DATA ELEMENTS--GENERAL INFORMATION
fixed length control field 120416s1980 ||||||||||||||||| || u
020 ## - INTERNATIONAL STANDARD BOOK NUMBER
International Standard Book Number 0333227549
050 ## - LIBRARY OF CONGRESS CALL NUMBER
Classification number HB 871 Cla
100 ## - MAIN ENTRY--PERSONAL NAME
Personal name Clark, Colin
245 10 - TITLE STATEMENT
Title Population growth and land use
250 ## - EDITION STATEMENT
Edition statement 2nd ed.
260 ## - PUBLICATION, DISTRIBUTION, ETC.
Place of publication, distribution, etc. London
Name of publisher, distributor, etc. Macmillan
Date of publication, distribution, etc. 1980
300 ## - PHYSICAL DESCRIPTION
Extent ix, 415p. : ill.
350 ## -
-- 0.00
650 ## - SUBJECT ADDED ENTRY--TOPICAL TERM
Topical term or geographic name entry element POPULATION GROWTH
995 ## -
-- BINDERY (DAMAGED)
-- 0.00
-- 708680
-- CBU-MAIN LIBRARY (Kitwe)
-- 1
-- 4.95
-- HB 871 Cla
-- 1
-- DAMAGED
-- 002394
-- Main Library Open Access Collection
995 ## -
-- ANNEX COLLECTION (Main Library)
-- 0.00
-- 708681
-- CBU-MAIN LIBRARY (Kitwe)
-- 2
-- 4.95
-- HB 871 Cla
-- 2
-- AVAILABLE
-- 002393
-- Annex Low-Usage Collection
999 ## -
-- 82062
-- 82062
Holdings
Withdrawn status Lost status Source of classification or shelving scheme Damaged status Not for loan Permanent Location Current Location Shelving location Date acquired Total Checkouts Full call number Barcode Date last seen Copy number Price effective from Koha item type
          CBU-MAIN LIBRARY, KITWE. CBU-MAIN LIBRARY, KITWE.   09/12/2023   HB 871 Cla 002394 09/12/2023 1 09/12/2023 MONOGRAPH
          CBU-MAIN LIBRARY, KITWE. CBU-MAIN LIBRARY, KITWE.   09/12/2023   HB 871 Cla 002393 09/12/2023 2 09/12/2023 MONOGRAPH